Joker - Statistics

General Stats
  • This quiz has been taken 63 times
  • The average score is 8 of 12
Answer Stats
Picture Answer % Correct
Batman (1989)
95%
Joker
93%
The Dark Knight
88%
Suicide Squad
84%
Batman (1966)
77%
GOTHAM
74%
The Lego Batman Movie
72%
Batman the Animated Series
67%
The Batman
58%
Batman Beyond: Return of the Joker
23%
The New Batman Adventures
16%
The New Scooby-Doo Movies
5%
No matching quizzes found
Score Distribution
Percent of People with Each Score
Percentile by Number Answered
Your Score History
You have not taken this quiz